LEADER 01334nam a2200277 4500 001 000000352900 003 CaOOAMICUS 005 20231127101857.0 008 230208s2022 it a 000 u ita r 020 $a978-88-6929-857-8 040 $aSeMil$bita 100 1 $aPeliti, Francesca.$0(OLS)http://semarc/name/117127 245 10$aPaolo Dall'Oglio e la Comunità di Deir Mar Musa :$bun deserto, una storia /$cFrancesca Peliti ; [prefazione di padre Federico Lombardi]. 264 1$aCantalupa (Torino) :$bEffatà,$c2022. 300 $a381 p. :$bill. ;$c21 cm 490 1 $aLe bussole 600 10$aDall'Oglio, Paolo .$0(OLS)http://semarc/subject/48282 650 4$aal-Nabk - Comunità di Deir Mar Musa.$0(OLS)http://semarc/subject/54766 700 1 $aLombardi, Federico,$c.$0(OLS)http://semarc/name/91446 830 3$aLe bussole.$0(OLS)http://semarc/title/13660 850 $aSeMil 852 $aSeMil$W1$xVenegono$y1$m3F II 1176$j244728$B247349$CSeMilBibl$Z2$F247349 $81 996 $6020$a978-88-6929-857-8$9(OLS)http://semarc/number/297620 996 $6245$aPaolo Dall'Oglio e la Comunità di Deir Mar Musa :$bun deserto, una storia$9(OLS)http://semarc/title/442846 996 $6264$aCantalupa (Torino) :$bEffatà$9(OLS)http://semarc/publisher/30780 LEADER 00983nam a2200205 i 4500 001 000000232125 003 CaOOAMICUS 005 20140819000000.0 008 140819s1702 it u000 u lat u 013 $a211028 026 $aa&um m,us ,&o. imci (3) 1702 (R) 040 $aSeMil$bita 245 10$a[Tomus 1]. 300 $a[8], XX, 624 p. 500 $aSegn.: pg4 *4-2*4 3*2 A-4I4. 500 $aMarca editoriale: Ercole uccide l'idra con la clava. Motto: Virtus non territa monstris. 773 0 $tBibbia$dParisiis : excudebat Antonius Vitré : apud Antonium Dezallier, viâ Jacobeâ, sub corona aurea, 1701-1702 ([Parisiis] : ex typographeo Joannis-Baptistae Cusson : juxta exemplar Vitraeanum : sumptibus Antonii Dezallier, 1702)$bEditio nova notis chronologicis, historicis et geographicis illustrata$g1$w()30360 850 $aSeMil 852 $aSeMil$W1$xVenegono$y1$m2Y IV 9 FA$j182471$B182471$CSeMilBibl$Z2$F193493 $8I 996 $6245$a[Tomus 1]$9(OLS)http://semarc/title/76787